Principles and methods for determining ecological criteria on hydrobiocenoses. (Record no. 25480)

MARC details
000 -LEADER
fixed length control field 00377nam a2200133Ia 4500
082 ## - DEWEY DECIMAL CLASSIFICATION NUMBER
Classification number 574.5(06)
Item number AMA
100 ## - MAIN ENTRY--AUTHOR NAME
Personal name AMAVIS, R
245 #0 - TITLE STATEMENT
Title Principles and methods for determining ecological criteria on hydrobiocenoses.
260 ## - PUBLICATION, DISTRIBUTION, ETC. (IMPRINT)
Place of publication Oxford
Name of publisher Pergamon
Year of publication 1976
650 ## - SUBJECT ADDED ENTRY--TOPICAL TERM
Topical Term Hydrobiocenoses
700 ## - ADDED ENTRY--PERSONAL NAME
Personal name SMEETS, J
942 ## - ADDED ENTRY ELEMENTS (KOHA)
Koha item type Books
Holdings
Withdrawn status Lost status Damaged status Not for loan Home library Current library Date acquired Full call number Accession Number Koha item type
        RRII Library RRII Library 16/12/2021 574.5(06) AMA 06138 Books